Loading...
Arts - Painting | 1 | 4 | 1 | 1 | 50 | 74 | 109.20 | 2 | 5 |
Arts - Music | 0 | 5 | 0 | 1 | 50 | 87 | 122.60 | 1 | 5 |
Science - Biology | 0 | 4 | 0 | 1 | 40 | 102 | 114.75 | 0 | 4 |
Beliefs - Mythology | 1 | 2 | 0 | 0 | 35 | 32 | 79.33 | 1 | 3 |
Beliefs - Religion | 0 | 3 | 0 | 1 | 30 | 118 | 122.67 | 0 | 3 |
Other - Pop Culture | 2 | 0 | 0 | 0 | 30 | 41 | 52.00 | 1 | 2 |
Science - Chemistry | 0 | 3 | 1 | 2 | 25 | 115 | 126.33 | 1 | 3 |
Other - Geo/CE | 1 | 1 | 0 | 0 | 25 | 54 | 73.50 | 2 | 2 |
Other - Other Academic | 0 | 2 | 0 | 1 | 20 | 90 | 114.00 | 1 | 2 |
History - World History | 1 | 0 | 0 | 1 | 15 | 68 | 68.00 | 1 | 1 |
Thought - Social Science | 0 | 1 | 0 | 0 | 10 | 101 | 101.00 | 0 | 1 |
History - American History | 0 | 1 | 0 | 0 | 10 | 91 | 91.00 | 1 | 1 |
History - Other History | 0 | 1 | 0 | 0 | 10 | 120 | 120.00 | 1 | 1 |
Literature - World Lit | 0 | 1 | 0 | 0 | 10 | 77 | 77.00 | 1 | 1 |
Science - Physics | 0 | 1 | 1 | 0 | 5 | 131 | 131.00 | 1 | 1 |
Thought - Philosophy | 0 | 1 | 1 | 0 | 5 | 100 | 100.00 | 0 | 1 |
Arts - Other Arts | 0 | 1 | 1 | 0 | 5 | 114 | 114.00 | 0 | 1 |
Literature - Euro Lit | 0 | 0 | 0 | 0 | 0 | 0.00 | 0 | 0 | |
Science - Other Science | 0 | 0 | 0 | 0 | 0 | 0.00 | 0 | 0 |